000 00625nam a22002177a 4500
999 _c3637
_d3637
003 AR-CdUCM
008 190307b ||||| |||| 00| 0 spa d
040 _aMUNICIPALIDAD PROVINCIAL DEL CUSCO
_cBIBLIOTECA MUNICIPAL DEL CUSCO
041 _heng
082 _a808.8 /
_bR55
100 _aHaggard, Henry Rider
_911862
245 _aLas minas del rey Salomón /
260 _aSantiago de Chile :
_bOveja Negra,
_c1984.
300 _a261 páginas ;
_c19 cm.
440 _aGrandes Aventuras 7
_911863
650 _aNovela
_95
650 _aClasicos
_98885
650 _aAventura
_91719
942 _2ddc
_cLIBROS
945 _admma